000 00482nam a2200193Ia 4500
005 20250603144608.0
008 250603s9999 xx 000 0 und d
020 _a9780702061851
050 _aRC 952 .F55/
100 _aFillit, Howard M....[et al.].
245 0 _aBrocklehurst's textbook of geriatric medicine and gerontology
250 _a8th ed.
260 _aNew York
260 _bElsevier
260 _c2017
300 _a1143 p
650 _aNew York
942 _cBK
999 _c39386
_d39386